000 01136nam a22002777a 4500
001 BD-DhSAU 9278
003 BD-DhSAU
005 20221205155948.0
008 150613b2018 bg a|||| m||| 00| 0 eng d
040 _aBD-DhSAU
082 _222
_a630
_bU681
100 _aUPOMA, AHONA TANJI
_eRegistration # 14-06017
245 _aResponse of vermicompost and biochar on yield and quality of fragrant rice through minimization of nitrogen /
_bMS thesis
260 _aSher-e-Bangla Agricultural University :
_bDepartment of Agronomy,
_c2021
300 _aviii, 65p. :
_bill. ;
_c30 cm.
500 _aMS thesis of Department of Agonomy, Faculty of Agriculture, Sher-e-Bangla Agricultural University, Dhaka, Bangladesh
504 _aIncludes bibliographical reference.
590 _aNazmul
650 _avermicompost and biochar
650 _afragrant rice
651 _aminimization of nitrogen
700 _aProf. Dr. Tuhin Suvra Roy
_eSuperviser
700 _aProf. Dr. Md. Abdullahil Baque
_eCo-superviser
856 _uhttp://archive.saulibrary.edu.bd:8080/xmlui/handle/123456789/4584
942 _2ddc
_cTHESIS
999 _c16286
_d16285